Politics of inclusion : castes, minorities, and affirmative action (Record no. 39524)

MARC details
000 -LEADER
fixed length control field 00934nam a2200265Ia 4500
008 - FIXED-LENGTH DATA ELEMENTS--GENERAL INFORMATION
fixed length control field 191130s2009##################000#0#eng##
020 ## - INTERNATIONAL STANDARD BOOK NUMBER
International Standard Book Number 9780195696950
022 ## - INTERNATIONAL STANDARD SERIAL NUMBER
International Standard Serial Number 2009341051
040 ## - CATALOGING SOURCE
Original cataloging agency ACL
Transcribing agency ACL
082 ## - DEWEY DECIMAL CLASSIFICATION NUMBER
Classification number 320 HAS
100 ## - MAIN ENTRY--PERSONAL NAME
Personal name Hasan, Zoya
245 ## - TITLE STATEMENT
Title Politics of inclusion : castes, minorities, and affirmative action
Statement of responsibility, etc. Zoya Hasan
260 ## - PUBLICATION, DISTRIBUTION, ETC.
Place of publication, distribution, etc. Oxford
Name of publisher, distributor, etc. Oxford University Press
Date of publication, distribution, etc. 2009
300 ## - PHYSICAL DESCRIPTION
Extent xiv, 302 p. ; 23 cm
500 ## - GENERAL NOTE
General note Includes bibliographical references (p. [272]-288) and index
650 ## - SUBJECT ADDED ENTRY--TOPICAL TERM
Topical term or geographic name entry element Dalits - Government policy - India
Topical term or geographic name entry element Dalits - Political aspects - India
Topical term or geographic name entry element India - Scheduled tribes - Government policy
Topical term or geographic name entry element India - Scheduled tribes - Political activity
Topical term or geographic name entry element Minorities - Government policy - India
Topical term or geographic name entry element Minorities - Political aspects - India
990 ## - EQUIVALENCES OR CROSS-REFERENCES [LOCAL, CANADA]
Link information for 9XX fields 7b601a6aac10000c15e60eda37cae1cf
991 ## -
-- 190804
Holdings
Withdrawn status Lost status Materials specified (bound volume or other part) Damaged status Not for loan Home library Current library Shelving location Date acquired Total Checkouts Full call number Barcode Date last seen Price effective from Koha item type
    hbk     Anna Centenary Library Anna Centenary Library 3RD FLOOR, B WING 09.10.2020   320 HAS 287131 09.10.2020 09.10.2020 English Books

Find us on the map